Statistics for Most common surname in Europe country by country

Click here to take the quiz!

General Stats

  • This quiz has been taken 44 times
  • The average score is 36 of 47

Answer Stats

SurnameAnswer% Correct
AnderssonSweden
93%
SmithUK
93%
GarciaSpain
93%
MullerGermany
93%
NielsenDenmark
90%
SilvaPortugal
90%
RossiItaly
88%
PapodopolousGreece
88%
MurphyIreland
88%
De JongNetherlands
88%
HansenNorway
85%
SmirnovRussia
85%
KorhonenFinland
85%
GruberAustria
83%
BerzinsLatvia
83%
NowakPoland
83%
PeetersBelgium
80%
PopaRomania
78%
JovanovicSerbia
78%
IvanovEstonia
78%
NovakSlovenia
76%
HorvathSlovakia
76%
MelnykUkraine
76%
BianchiSwitzerland
76%
NovakCzech Republic
76%
HoxhaAlbania
76%
NagyHungary
76%
KazlauskasLithuania
76%
SchmitLuxembourg
73%
BergoglioVatican
73%
KovacevicBosnia
73%
BorgMalta
73%
MartinFrance
73%
HorvatCroatia
71%
GarciaAndorra
71%
DimitrovBulgaria
71%
YilmazTurkey
71%
IvanouBelarus
68%
GeorgiouCyprus
68%
ChiaruzziSan Marino
68%
BuchelLiechtenstein
66%
AngelovskiMacedonia
63%
RusuMoldova
63%
BeridzeGeorgia
63%
HovhannysianArmenia
59%
ColettiMonaco
59%
MammadovAzerbaijan
46%

Score Distribution

Percentile by Number Answered

Percent of People with Each Score

Your Score History

You have not taken this quiz